| 000 | 00348 a2200109 4500 | ||
|---|---|---|---|
| 001 | ART_25951 | ||
| 005 | 20260410161935.0 | ||
| 008 | 260409a | ||
| 245 | 1 | 0 | _aLa pesificación |
| 100 | 1 | _aGarcía Martínez, Luis | |
| 773 | 0 |
_tAnales de la Academia Nacional de Ciencias Económicas _g- Vol. XLVIII, (2003) (ene. 2004) _wREV25596 |
|
| 999 |
_c28947 _d28947 |
||